000 00418nam a2200157Ia 4500
008 240729s9999 xx 000 0 und d
022 _a2050-084X
245 0 _aeLife
260 _aUnited Kingdom
260 _beLife Sciences Publications Ltd
650 _a Biology (General)
650 _aMedicine | Science
856 _uhttps://doaj.org/toc/bfafe68df1ed44d08a7a9df796bf6c85
942 _2ddc
942 _cDOAJEJ
999 _c75067
_d75067
945 _a1
_bMadushi Gamage
_c1
_dMadushi Gamage